000 00998cab a2200277 4500
001 ABS46983
008 090401t1992 xxu||||| |||| 00| 0 eng d
035 _a(Sirsi) u60272
041 _aeng
100 _aEmeny, R.
245 _aOffices with living accommodation: rates or the community charge
260 _c1992
350 _a0
490 _aProperty Management
_v10(3) Summer 1992, 248-256(8)
520 _aUnravels the difficulties of establishing whether living accommodation in offices should be subject to rates or the community charge. With reference to Local Government Finance Act 1988 s66, considers the arguments to determine what is domestic property.
650 _aBUSINESS RATES
650 _aCOMMUNITY CHARGE
650 _aCOMPOSITE HEREDITAMENT
650 _aDOMESTIC PROPERTY
650 _aLIVING ACCOMMODATION
650 _aLOCAL GOVERNMENT FINANCE ACT 1988 S66
650 _aOFFICES
690 _aRATING AND VALUATION
942 _n0
948 _c04/03/1997
999 _c37138
_d37138